| 000 | 00658nam a22001697a 4500 | ||
|---|---|---|---|
| 003 | OSt | ||
| 005 | 20171010095527.0 | ||
| 008 | 121004t xxu||||| |||| 00| 0 eng d | ||
| 040 |
_aMMSU _cULS |
||
| 100 |
_aBalintag, Marie Grace B. _913110 |
||
| 245 |
_aIsolation and characterization of saccharomyces strains obtained from the juice of three different varieties of sweet sorghum (sorghum bicolor) _cMarie Grace B. Balintag |
||
| 260 | _c2008 | ||
| 300 |
_axi, 27 leaves _c28 cm. |
||
| 500 | _aThesis (BS Biology) -- Mariano Marcos State University-College of Arts and Sciences, Batac City | ||
| 504 | _aBibliography: leaves 18-19 | ||
| 942 |
_2ddc _cTHEDIS |
||
| 999 |
_c9800 _d9800 |
||